Top 15 nightlife cities in the world - Statistics

General Stats
  • This quiz has been taken 235 times
  • The average score is 10 of 15
Answer Stats
Hint Answer % Correct
City of Angels Los Angeles
94%
City of Light Paris
91%
The Big Apple New York City
90%
Sin City Las Vegas
88%
Constantinople Istanbul
87%
The Big Smoke London
85%
The Windy City Chicago
84%
City of the Seven Hills Rome
78%
Venice of the North Amsterdam
73%
Krung Thep (City of Angels) Bangkok
62%
The Queen of el Plata Buenos Aires
59%
The Big Easy New Orleans
53%
Magic City Miami
52%
City of Saints Montreal
24%
The White City Tel-Aviv
17%
No matching quizzes found
Score Distribution
Percent of People with Each Score
Percentile by Number Answered
Your Score History
You have not taken this quiz